[Event "AUS-ch Major"]
[Site "Cammeray"]
[Date "2018.01.10"]
[Round "9"]
[White "Yan, Matthew"]
[Black "Hariman, Andre"]
[Result "0-1"]
[WhiteElo "2021"]
[BlackElo "1870"]
[PlyCount "72"]
[EventDate "2018.01.02"]
[EventType "swiss"]
[EventRounds "11"]
[EventCountry "AUS"]
[SourceTitle "CBM 182 Extra"]
[Source "ChessBase"]
[SourceDate "2018.02.23"]
[SourceVersion "1"]
[SourceVersionDate "2018.02.23"]
[SourceQuality "1"]

1. e4 c5 2. c3 d5 3. exd5 Qxd5 4. d4 e6 5. Nf3 Nf6 6. Be2 Be7 7. Be3 0-0 8. dxc5 Qxd1+ 9. Bxd1 Nbd7 10. b4 a5 11. Bb3 Ng4 12. Bg5 Bxg5 13. Nxg5 Nde5 14. f3 Nf6 15. Bc2 axb4 16. cxb4 Nc6 17. b5 Nd4 18. Bd1 h6 19. Nh3 Nxb5 20. Nf2 Rd8 21. 0-0 Rd5 22. Bb3 Rxc5 23. Nd3 Rc7 24. Nd2 Rd7 25. Bc4 Na3 26. Rfd1 b5 27. Ne5 bxc4 28. Nxd7 Bxd7 29. Rac1 Rc8 30. Rc3 Nb5 31. Rxc4 Ra8 32. Ne4 Nd5 33. Nc5 Ne3 34. Rb4 Nxd1 35. Nxd7 Ndc3 36. Rc4 g6 0-1

[Event "AUS-ch Major"]
[Site "Cammeray"]
[Date "2018.01.06"]
[Round "6"]
[White "Shi, Eric"]
[Black "Yan, Matthew"]
[Result "1-0"]
[WhiteElo "1943"]
[BlackElo "2021"]
[PlyCount "75"]
[EventDate "2018.01.02"]
[EventType "swiss"]
[EventRounds "11"]
[EventCountry "AUS"]
[SourceTitle "CBM 182 Extra"]
[Source "ChessBase"]
[SourceDate "2018.02.23"]
[SourceVersion "1"]
[SourceVersionDate "2018.02.23"]
[SourceQuality "1"]

1. b3 b6 2. Bb2 Bb7 3. d3 c5 4. e4 e6 5. Qe2 Nc6 6. Nf3 Nf6 7. Nbd2 d6 8. g3 Qc7 9. Bg2 0-0-0 10. 0-0-0 d5 11. Rhe1 dxe4 12. dxe4 Nd4 13. Qf1 e5 14. Nh4 g6 15. f4 Bh6 16. fxe5 Qxe5 17. Nhf3 Qe7 18. Nxd4 cxd4 19. Kb1 Bxd2 20. Rxd2 Nxe4 21. Bxe4 Bxe4 22. Rxd4 Rxd4 23. Bxd4 Re8 24. Kb2 f5 25. Re3 Kb7 26. a4 Rd8 27. c3 Qc7 28. Qe2 h5 29. h4 Qc6 30. Qf2 Qd6 31. Re1 Rf8 32. a5 Ra8 33. Ra1 bxa5 34. Rxa5 a6 35. Ra4 Rc8 36. Rb4+ Ka8 37. Qe2 Rb8 38. Be5 1-0

[Event "AUS-ch Major"]
[Site "Cammeray"]
[Date "2018.01.04"]
[Round "4"]
[White "Au, Alexander"]
[Black "Yan, Matthew"]
[Result "1/2-1/2"]
[WhiteElo "1845"]
[BlackElo "2021"]
[PlyCount "118"]
[EventDate "2018.01.02"]
[EventType "swiss"]
[EventRounds "11"]
[EventCountry "AUS"]
[SourceTitle "CBM 182 Extra"]
[Source "ChessBase"]
[SourceDate "2018.02.23"]
[SourceVersion "1"]
[SourceVersionDate "2018.02.23"]
[SourceQuality "1"]

1. e4 d5 2. exd5 Nf6 3. d4 Bg4 4. Be2 Bxe2 5. Qxe2 Qxd5 6. Nf3 e6 7. 0-0 Nc6 8. c4 Nxd4 9. Nxd4 Qxd4 10. Rd1 Qe4 11. Be3 Bd6 12. c5 Be7 13. Nc3 Qc6 14. b4 Ne4 15. Nxe4 Qxe4 16. Rd4 Qc6 17. b5 Qxc5 18. Rd8+ Rxd8 19. Bxc5 Bxc5 20. Rc1 Rd5 21. Rd1 Rf5 22. Qc2 Bxf2+ 23. Kh1 Bb6 24. Qe4 Rxb5 25. Qxb7 0-0 26. a4 Rb4 27. a5 Bxa5 28. Qxa7 Bb6 29. Qb7 Ra4 30. Qc6 Ra5 31. Qd7 g6 32. h3 Rfa8 33. Rf1 Rf5 34. Rxf5 exf5 35. Qc6 Ra1+ 36. Kh2 Re1 37. Qb5 Bd4 38. g3 Be5 39. Qd3 c5 40. Kg2 Bd4 41. Qc4 Re3 42. Qb5 Kg7 43. Qc4 Rc3 44. Qd5 Rc2+ 45. Kf1 Bf6 46. Ke1 Rc3 47. Kf2 c4 48. g4 fxg4 49. hxg4 h6 50. Ke2 Rc1 51. Kd2 Bg5+ 52. Ke2 c3 53. Qe5+ Bf6 54. Qe3 Ra1 55. g5 hxg5 56. Qe4 Ra2+ 57. Kd1 Rh2 58. Kc1 c2 59. Qxg6+ Kxg6 1/2-1/2

[Event "AUS-ch Major"]
[Site "Cammeray"]
[Date "2018.01.02"]
[Round "1"]
[White "Yan, Matthew"]
[Black "Talpade, Udit"]
[Result "1-0"]
[WhiteElo "2021"]
[BlackElo "1679"]
[PlyCount "55"]
[EventDate "2018.01.02"]
[EventType "swiss"]
[EventRounds "11"]
[EventCountry "AUS"]
[SourceTitle "CBM 182 Extra"]
[Source "ChessBase"]
[SourceDate "2018.02.23"]
[SourceVersion "1"]
[SourceVersionDate "2018.02.23"]
[SourceQuality "1"]

1. e4 c5 2. c3 Nf6 3. e5 Nd5 4. d4 cxd4 5. cxd4 e6 6. Nc3 d6 7. Nf3 Nc6 8. Bd3 Be7 9. 0-0 0-0 10. Qe2 dxe5 11. dxe5 Ncb4 12. Be4 Nxc3 13. bxc3 Nd5 14. c4 Nb6 15. Bd3 g6 16. Bh6 Re8 17. Rad1 Qc7 18. Qe4 Na4 19. Qf4 Nb2 20. Rd2 Nxd3 21. Rxd3 Bf8 22. Bxf8 Rxf8 23. Qf6 Bd7 24. Ng5 h5 25. Qe7 Rad8 26. Rfd1 Qxc4 27. Nxf7 Rde8 28. Qxd7 1-0

[Event "Oceania zt 3.6"]
[Site "Auckland"]
[Date "2017.01.18"]
[Round "7"]
[White "Yan, Matthew"]
[Black "Chan, Kris"]
[Result "0-1"]
[WhiteElo "2019"]
[BlackElo "2120"]
[PlyCount "48"]
[EventDate "2017.01.14"]
[EventType "swiss"]
[EventRounds "9"]
[EventCountry "NZL"]
[SourceTitle "EXT 2018"]
[Source "ChessBase"]
[SourceDate "2017.10.13"]
[SourceVersion "1"]
[SourceVersionDate "2017.10.13"]
[SourceQuality "1"]

1. e4 e6 2. d4 d5 3. Nc3 Bb4 4. e5 c5 5. a3 Bxc3+ 6. bxc3 Ne7 7. Qg4 cxd4 8. Qxg7 Rg8 9. Qxh7 Qc7 10. Ne2 Nbc6 11. f4 dxc3 12. Qd3 Nf5 13. Rg1 Qb6 14. g4 Bd7 15. gxf5 Rxg1 16. Nxg1 Qxg1 17. fxe6 Bxe6 18. f5 Bd7 19. Bf4 Qg4 20. Bg3 Bxf5 21. Qxc3 Nd4 22. Kf2 Rc8 23. Qb4 Rxc2+ 24. Kg1 Qxg3+ 0-1

[Event "Oceania zt 3.6"]
[Site "Auckland"]
[Date "2017.01.16"]
[Round "4"]
[White "Gong, Patrick"]
[Black "Yan, Matthew"]
[Result "1-0"]
[WhiteElo "2303"]
[BlackElo "2019"]
[PlyCount "71"]
[EventDate "2017.01.14"]
[EventType "swiss"]
[EventRounds "9"]
[EventCountry "NZL"]
[SourceTitle "CBM 176 Extra"]
[Source "ChessBase"]
[SourceDate "2017.03.02"]
[SourceVersion "1"]
[SourceVersionDate "2017.03.02"]
[SourceQuality "1"]

1. e4 d5 2. exd5 Nf6 3. d4 Bg4 4. f3 Bf5 5. Bb5+ c6 6. dxc6 Nxc6 7. c3 Qb6 8. Bxc6+ Qxc6 9. Ne2 0-0-0 10. 0-0 h5 11. Na3 h4 12. Rf2 e5 13. Qb3 Be6 14. Qb5 Qc7 15. Bg5 a6 16. Qxe5 Bd6 17. Qe3 Bxh2+ 18. Kh1 Nd5 19. Bxd8 Qxd8 20. Qe4 Bg3 21. Kg1 Qg5 22. f4 Qh5 23. Qe5 Qg6 24. Rf3 Ne7 25. Qg5 Qe4 26. Qe5 Qh7 27. Nc4 Bxc4 28. Qxe7 Be6 29. f5 Bd7 30. Qxf7 Qh6 31. Qg6 Qd2 32. Qxg7 Rh5 33. Qg8+ Kc7 34. Nxg3 hxg3 35. Qxg3+ Kb6 36. Qg6+ 1-0

[Event "Oceania zt"]
[Site "Cammeray"]
[Date "2015.07.04"]
[Round "1"]
[White "Stojic, Dusan"]
[Black "Yan, Matthew"]
[Result "1-0"]
[WhiteElo "2177"]
[BlackElo "1847"]
[PlyCount "55"]
[EventDate "2015.07.04"]
[EventType "swiss"]
[EventRounds "9"]
[EventCountry "AUS"]
[SourceTitle "CBM 167 Extra"]
[Source "ChessBase"]
[SourceDate "2015.09.14"]
[SourceVersion "1"]
[SourceVersionDate "2015.09.14"]
[SourceQuality "1"]

1. Nf3 d5 2. g3 Nf6 3. Bg2 e6 4. 0-0 Be7 5. c4 0-0 6. b3 b6 7. Bb2 Nbd7 8. d4 Bb7 9. Nbd2 c5 10. cxd5 Nxd5 11. Rc1 Rc8 12. a3 N5f6 13. dxc5 Nxc5 14. b4 Nce4 15. Nxe4 Bxe4 16. Ne5 Bxg2 17. Kxg2 Rxc1 18. Qxc1 Qa8+ 19. Qc6 Qb8 20. Rc1 Bd6 21. Nf3 Nd5 22. e4 Ne7 23. Qc3 f6 24. Qb3 Kf7 25. Nd4 Re8 26. Qxe6+ Kf8 27. Qb3 Ng6 28. Ne6+ 1-0